00782nam a2200241Ia 450000500170000000800410001702000150005804100080007310000310008124500650011225000260017726400330020330000410023633600270027733700330030433800280033749000230036565000290038865000310041765000450044804000350049308400120052820220316235334.0121119s2003 ck a gr 000 0 spa  a95830029840 aspa1 aGarcía Giraldo, Alfredo,10aÉrase una vez entre los chibchascAlfredo García Giraldo aTercera reimpresión 1aBogotábPanamericanac2003 a116 páginasbilustracionesc21 cm. atextobtxt2rdacontent asin mediaciónbn2rdamedia avolumenbnc2rdacarrier0 aLiteratura juvenil142LEMBaLiteratura juvenil142LEMBaLeyendas colombianas142LEMBaLiteratura folclórica colombiana aCO-BoRNBPbspaerdacCO-BoRNBP aLM GAR8